Every Character Mentioned in The Hobbit Book - Statistics

General Stats
  • This quiz has been taken 60 times
  • The average score is 23 of 42
Answer Stats
Times Mentioned Answer % Correct
184 Gandalf the Grey
100%
501 Bilbo Baggins
97%
195 Thorin Oakenshield
97%
50 Fili
95%
35 Kili
95%
49 Bard the Bowman
87%
54 Bombur
87%
65 Balin
82%
77 Smaug
82%
17 Bofur
79%
18 Oin
79%
11 Ori
79%
14 Bifur
76%
21 Gloin
76%
24 Elrond Halfelven
74%
13 Nori
74%
17 Dwalin
71%
32 Dori
66%
79 Gollum/Smeagol
63%
55 Beorn
61%
4 Sauron/The Necromancer
61%
14 Thror
61%
17 Thrain
58%
1 Azog
55%
24 Dain
55%
1 Radagast the Brown
45%
16 Tom
37%
28 Bert
32%
5 Bolg
32%
28 William
32%
10 Durin
29%
15 The Great Goblin
29%
3 Belladonna Took
24%
5 Old Took
18%
3 Bullroarer Took
16%
3 Bungo Baggins
16%
3 Nain
16%
4 Carc
8%
9 Girion
8%
3 Galion
5%
1 Golfimbul
5%
6 Roac
5%
No matching quizzes found
Score Distribution
Percent of People with Each Score
Percentile by Number Answered
Your Score History
You have not taken this quiz